000 00760nam a22002770a 4500
001 PT146
003 AR-LpoUNG
005 20210131233518.0
008 191001s1992||||xxc|||||||||||||||||fre d
020 _a285036186O
_c$10
040 _aAR-LpoUNG
_bspa
_cAR-LpoUNG
_eaacr
041 _afre
044 _axxc
082 0 _aR443 456
100 1 _aRobert, Paul
245 1 0 _aDictionnaire alphabétique et analogique de la langue française
260 _aMontreal :
_bLes Dictionnaires Robert-Canada,
_c1992.
300 _a2171 p. :
_bgráfs.
650 4 _aLENGUA FRANCESA
650 4 _aLEXICOGRAFIA
650 4 _aMATERIAL DE REFERENCIA
650 4 _aTERMINOLOGIA
651 4 _aDOCUMENTOS TEORICOS O METODOLOGICOS
905 _a146
942 _cLSALA
999 _c21039
_d21039